Normal view
MARC view
Entry Topical Term
001 - CONTROL NUMBER
- control field: 27885
003 - CONTROL NUMBER IDENTIFIER
- control field: dpl
005 - DATE AND TIME OF LATEST TRANSACTION
- control field: 20110509125231.0
008 - FIXED-LENGTH DATA ELEMENTS
- fixed length control field: 110509|||a|||||| | ||| d
040 ## - CATALOGING SOURCE
- Original cataloging agency: dpl
- Transcribing agency: dpl
150 ## - HEADING--TOPICAL TERM
- Topical term or geographic name as entry element: Civil engineering
670 ## - SOURCE DATA FOUND
- Source citation: Work cat.: (dpl)39061: Saikia, Mimi Das 27884, Elements of civil engineering /, 2010
670 ## - SOURCE DATA FOUND
- Source citation: Work cat.: (dpl)39061: Saikia, Mimi Das 27884, Elements of civil engineering /, 2010
